000 00754nam a2200265 i 4500
001 18961
003 ES-MaACL
005 20250822050634.0
007 t|
008 020424s2000 sp ||||1| spa d
020 _a84-89853-25-8
080 _a028.01
080 _a82:1
080 _a1 Schopenhauer, Arthur
100 1 _aAullón de Haro, Pedro
_923910
245 1 0 _aSchopenhauer sobre la lectura /
_cPedro Aullón de Haro.
250 _a2ª ed.
260 _aMadrid :
_bHeraclea,
_c[2000]
300 _a80 p. ;
_c21 cm.
600 1 4 _aSchopenhauer, Arthur,
_d1788-1860
_9240710
650 1 7 _aLectura
_2embne
_914059
650 _aLiteratura-
_xFilosofía.
_914488
852 _aES-MaACL
_jL-25426
_bR.130083
999 _c18961
_d18961